000 00737nam a2200265Ia 4500
005 20260121171139.0
008 008 260114s9999 xx 000 0 eng d
020 _a9783030180584
037 _aEBOOK
040 _aCRL
040 _beng
040 _cCRL
041 _2eng
041 _aeng
084 _qCRL
100 _aPiotr Kulczycki, Janusz Kacprzyk, László T. Kóczy, Radko Mesiar, Rafal Wisniewski
_91072608
245 0 _aInformation Technology, Systems Research, and Computational Physics
260 _bSpringer
260 _bSpringer
260 _c2020
856 _uhttps://link.springer.com/openurl?genre=book&isbn=978-3-030-18058-4
942 _cEBOOK
999 _c1638338
_d1638338